• 首页
  • 本馆介绍
  • 公告通知
  • 最新文献
  • 馆藏检索
  • 电子资源
  • 读者导购
  • 参考咨询
  • 我的图书馆
  • 登录
  • 详细信息显示
  • 放入我的书架
  • 预约/预借图书
  • 作者相关作品
  • 分类相关作品
  • 丛书相关作品
  • 出版社相关作品

书目信息

  • 表格格式
  • 工作单格式
  • 卡片格式
题名:
中山杉
    
 
作者: 殷云龙 , 於朝广 著
分册:  
出版信息: 北京   中国林业出版社  2005.07
页数: 158页
开本: 24cm
丛书名:
单 册:
中图分类: S791.340.4
科图分类:
主题词: 落羽松--杂交育种 , 落羽松 , 杂交育种
电子资源:
ISBN: 7-5038-3993-7
000 00966nam0 2200277 450
001 4914
005 20181013152534.48
010    @a7-5038-3993-7@dCNY50.00
100    @a20050919d2005 em y0chiy50 ea
101 0  @achi@eeng
102    @aCN@b110000
105    @aa z 000yy
200 1  @a中山杉@9zhong shan shan@e落羽杉属树木杂交选育@f殷云龙,於朝广著
210    @a北京@c中国林业出版社@d2005.07
215    @a158页@c图@d24cm
300    @a国家科技部农业科技成果转化资金项目 国家林业局审定品种
330    @a本书介绍了落羽杉属种间杂交耐盐碱新树种F1代和回交一代良种选育、杂种鉴定,新树种优良特性、育苗和造林技术等。
517 1  @a落羽杉属树木杂交选育@9luo yu shan shu shu mu za jiao xuan yu
606 0  @a落羽松@x杂交育种
606 0  @a落羽松
606 0  @a杂交育种
690    @aS791.340.4@v4
701  0 @a殷云龙@9yin yun long@f(1964~)@4著
701  0 @a於朝广@9yu chao guang@f(1975~)@4著
801  0 @aCN@b91MARC@c20130904
905    @aMuseLib@dS791.340.4@e113
    
    中山杉:落羽杉属树木杂交选育/殷云龙,於朝广著.-北京:中国林业出版社,2005.07
    158页:图;24cm
    国家科技部农业科技成果转化资金项目 国家林业局审定品种
    
    ISBN 7-5038-3993-7:CNY50.00
    本书介绍了落羽杉属种间杂交耐盐碱新树种F1代和回交一代良种选育、杂种鉴定,新树种优良特性、育苗和造林技术等。
●
相关链接 在E读中查询图书 在五车中查询图书 在当当中查询图书 在豆瓣中查询图书


正题名:中山杉     索取号:S791.340.4/113         预约/预借

序号 登录号 条形码 馆藏地/架位号 状态 备注
1 1127222   211272228   第二样本阅览室/ [索取号:S791.340.4/113] 在馆    
2 1127223   211272237   第三借阅区/ [索取号:S791.340.4/113] 在馆    
3 1127224   211272246   第三借阅区/ [索取号:S791.340.4/113] 在馆    
4 1127225   211272255   密集书库-生命科学系/ [索取号:S791.340.4/113] 在馆    
5 1127226   211272264   第三借阅区/ [索取号:S791.340.4/113] 在馆    
唐山师范学院图书馆 欢迎您!
大连网信软件有限公司© 版权所有